Intelectuales y política en América Latina. Breve aproximación a una ambivalencia fundamental /

El artículo desarrolla la función de los intelectuales en América Latina, y su transformación en hombres de letras a profesionales de diversa índole

Bewaard in:
Bibliografische gegevens
Hoofdauteur: Mansilla, H. C. F.
Formaat: Texto
Onderwerpen:
Tags: Voeg label toe
Geen labels, Wees de eerste die dit record labelt!

MARC

LEADER 00000 a a2200000 04500
001 18762
003
040
100 |a Mansilla, H. C. F.  
245 |a Intelectuales y política en América Latina. Breve aproximación a una ambivalencia fundamental /  |c H. C. F. Mansilla 
520 |a El artículo desarrolla la función de los intelectuales en América Latina, y su transformación en hombres de letras a profesionales de diversa índole  
650 |a INTELECTUALES  
650 |a PODER POLITICO  
650 |a CIENCIAS SOCIALES  
650 |a MARXISMO  
773 |g volumen 6, número 15; páginas 63-81  
999 |c 27701  |d 27701